[Event "Chess Super League 2021"]
[Site "Online"]
[Date "2021.10.15"]
[Round "5.1"]
[White "Dzagnidze, Nana"]
[Black "Hou, Yifan"]
[Result "0-1"]
[WhiteElo "2524"]
[BlackElo "2658"]
[Annotator "TA"]
[PlyCount "154"]
[EventDate "2021.10.11"]
[EventType "team-tourn"]
[EventCountry "NET"]
[SourceTitle "playchess.com"]
[Source "ChessBase"]
[SourceQuality "1"]

{[%evp 11,154,8,12,6,8,0,-1,-2,-6,-11,-13,-22,-22,-29,-7,-18,-20,-25,0,-26,-25,-19,5,0,2,-26,-44,-37,-31,-18,-10,-10,0,-22,-28,-62,-59,-58,-59,-56,-61,-64,-66,-56,-52,-67,-52,-52,-31,-14,-18,-25,0,0,0,-16,0,0,20,-32,-10,-59,-55,-49,0,-139,-121,-131,-134,-209,-210,-220,-170,-235,-222,-225,-192,-180,-170,-164,-122,-127,-122,-122,-122,-122,-104,-122,-122,-122,-122,-122,-122,-122,-110,-122,-122,-122,-122,-122,-122,-122,-122,-1411,-1355,-818,-8,-8,-8,-982,-895,-12840,-8239,-29969,-29970,-29971,-29972,-29972,-29972,-29971,-29972,-29973,-29973,-29973,-29974,-29974,-29975,-29975,-29976,-29976,-29977,-29977,-29978,-29979,-29979,-29979,-29980,-29979,0,-29979,-29979,-29980,-29980,-29981,-29982]} 1. c4 c5 2. Nc3 Nc6 3. g3 g6 4. Bg2 Bg7 5. Nf3 d6 6. O-O Bf5 {6...e6 is the modern continuation.} 7. d3 {A37: Symmetrical English vs ...g6: 4 Bg2 Bg7 5 Nf3.} Qd7 8. Be3 (8. Re1 Bh3 9. Bh1 h5 10. Rb1 h4 11. Nd5 hxg3 12. hxg3 Nf6 13. Bd2 Nxd5 14. cxd5 Ne5 15. Nxe5 Bxe5 16. Bc3 Bxc3 17. bxc3 {0-1 (55) Dzagnidze,N (2520)-Hou,Y (2664) Xian 2019}) 8... Nf6 9. Qc1 {The position is equal.} O-O 10. Bh6 Bh3 {[#]} 11. Rd1 $146 ({Predecessor:} 11. Bxg7 Kxg7 12. a3 Bxg2 13. Kxg2 b6 14. Qc2 h6 15. e3 Rad8 16. Rac1 d5 17. e4 d4 18. Na2 Nh5 19. b4 Qg4 20. Ng1 Qd7 21. f4 Nf6 22. h3 {½-½ (22) Ivancic,D (1710)-Zadravec,S (1922) Croatia 2019}) 11... Bxg2 12. Kxg2 Nd4 13. Rb1 Rac8 14. Bxg7 Kxg7 15. Nxd4 cxd4 16. Nb5 Qc6+ 17. Kg1 Qb6 18. e3 (18. a4 {looks sharper.} a6 19. a5 Qxa5 20. Nxd4 b5 21. Qg5) 18... dxe3 19. Qxe3 Qxe3 20. fxe3 a6 21. Nc3 Ng4 22. Re1 h5 23. Kg2 h4 24. b3 hxg3 25. Kxg3 Nf6 26. h4 Rh8 27. Ne2 Rc5 28. Rh1 Nh5+ 29. Kg2 Kf8 30. b4 Rc8 31. Kf3 Kg7 32. a4 Nf6 33. Ng3 Rh7 34. a5 Nd7 35. Rh2 ({Better is} 35. h5 $11) 35... Rch8 36. Rbh1 Ne5+ 37. Ke2 Nc6 38. Rb1 (38. Kd2 $11) 38... Rxh4 $17 39. Rxh4 Rxh4 {[%mdl 4096] Endgame KRN-KRN} 40. b5 (40. d4 $17 {was necessary.}) 40... Rh2+ $19 ({Don't play} 40... Nxa5 41. bxa6 bxa6 42. Rb6 $17) 41. Kf1 Nxa5 42. bxa6 (42. Ke1 $142) 42... bxa6 43. Rb6 Rd2 44. Rxa6 Nb3 ({Stronger than} 44... Rxd3 45. Rxa5 Rxe3 46. Kf2 $11) 45. d4 Rc2 46. Ra7 e6 47. Ne4 Nd2+ $1 ({Of course not} 47... Rxc4 $6 48. Nxd6 Rc1+ 49. Kf2 $11) 48. Nxd2 Rxd2 $17 {KR-KR} 49. Ra6 Rc2 50. Rxd6 Rxc4 51. Ke2 Rc3 52. Kf3 Kf6 53. Rd7 g5 54. Ke4 Kg6 {Strongly threatening ...f5+.} 55. d5 exd5+ 56. Rxd5 f5+ 57. Kd4 $2 {[%mdl 8192]} (57. Kf3 $17) 57... Rc1 $19 58. Ke5 Rf1 $2 (58... Re1 $19 59. Rd6+ Kh5 60. Kxf5 Rxe3) 59. Rd8 $1 $11 Kh5 {White must now prevent ...Kg4.} 60. Rg8 $2 {[%mdl 8192] Black converts the advantage convincingly.} (60. Kf6 $11) 60... Kh4 $1 $19 61. Rh8+ Kg3 62. e4 fxe4 63. Kxe4 g4 64. Rg8 Rf3 65. Rg7 Kh3 66. Rg8 Rf1 67. Ke3 g3 68. Ke2 g2 69. Rh8+ {[#]} Kg3 $1 70. Rg8+ Kh2 71. Rh8+ {[#]} Kg1 $1 72. Rg8 Rf2+ 73. Ke1 Rf5 74. Ke2 Rf2+ 75. Ke1 Rf7 {Black mates.} 76. Ke2 Re7+ 77. Kf3 Kf1 {Weighted Error Value: White=0.38/Black=0.16} 0-1

[Event "Chess Super League 2021"]
[Site "Online"]
[Date "2021.10.15"]
[Round "5.1"]
[White "Tania, Sachdev"]
[Black "Soumya, Swaminathan"]
[Result "0-1"]
[WhiteElo "2392"]
[BlackElo "2351"]
[Annotator "NA"]
[PlyCount "76"]
[EventDate "2021.10.11"]
[EventType "team-tourn"]
[EventCountry "NET"]
[SourceTitle "playchess.com"]
[Source "ChessBase"]
[SourceQuality "1"]
[TimeControl "900+10"]

1. d4 {[%emt 0:00:14]} Nf6 {[%emt 0:00:13]} 2. c4 {[%emt 0:00:03]} g6 {[%emt 0:00:01]} 3. f3 {[%emt 0:00:01]} c5 {[%emt 0:00:16]} 4. d5 {[%emt 0:00:04]} e6 {[%emt 0:00:07]} 5. e4 {[%emt 0:00:10]} d6 {[%emt 0:00:02]} 6. Nc3 {[%emt 0:00:07]} exd5 {[%emt 0:00:02]} 7. cxd5 {[%emt 0:00:02]} Bg7 {[%emt 0:00:12]} 8. Nge2 {[%emt 0:00:08]} a6 {[%emt 0:00:33]} 9. a4 {[%emt 0:00:02]} Nbd7 {[%emt 0:00:06]} 10. Ng3 {[%emt 0:00:32]} h5 {[%emt 0:00:03]} 11. Bg5 {[%emt 0:01:03]} h4 {[%emt 0:00:51]} 12. Nge2 {[%emt 0:00:02]} Qa5 {[%emt 0:01:42]} 13. h3 {[%emt 0:03:10]} Ne5 $15 {[%emt 0:02:41]} 14. Nc1 {[%emt 0:00:33]} c4 {[%emt 0:01:04]} 15. Qd2 {[%emt 0:03:46]} b5 {[%emt 0:03:05]} 16. Be2 {[%emt 0:02:49]} b4 {[%emt 0:02:24]} 17. Nd1 {[%emt 0:00:01]} Bd7 {[%emt 0:01:19]} 18. O-O {[%emt 0:01:20]} Rc8 {[%emt 0:01:05]} 19. Nf2 {[%emt 0:02:49]} Nh5 {[%emt 0:01:04]} 20. Bxh4 {[%emt 0:00:46]} c3 {[%emt 0:00:09]} 21. bxc3 {[%emt 0:00:02]} bxc3 {[%emt 0:00:01]} 22. Qe3 {[%emt 0:00:06]} Bh6 {[%emt 0:01:17]} 23. Bg5 {[%emt 0:00:02]} Bxg5 {[%emt 0:00:07]} 24. Qxg5 {[%emt 0:00:01]} Qb6 {[%emt 0:00:08]} 25. a5 {[%emt 0:00:33]} Qa7 {[%emt 0:00:17]} 26. f4 {[%emt 0:00:35]} Qe3 {[%emt 0:00:21]} 27. Bxh5 {[%emt 0:00:25]} Rxh5 {[%emt 0:00:10]} 28. Qf6 {[%emt 0:00:01]} Nf3+ {[%emt 0:00:15]} 29. Kh1 {[%emt 0:00:11]} Nd2 {[%emt 0:00:07]} 30. Ncd3 {[%emt 0:00:04]} Nxf1 {[%emt 0:00:03]} 31. Rxf1 {[%emt 0:00:00]} c2 {[%emt 0:00:04]} 32. Nc1 {[%emt 0:00:07]} Qc5 {[%emt 0:00:30]} 33. Nfd3 {[%emt 0:00:20]} Qe3 {[%emt 0:00:08]} 34. Nf2 {[%emt 0:00:11]} Bb5 {[%emt 0:00:02]} 35. Qg7 {[%emt 0:00:16]} Bxf1 {[%emt 0:00:07]} 36. Qg8+ {[%emt 0:00:01]} Ke7 {[%emt 0:00:04]} 37. Qxc8 {[%emt 0:00:01]} Qxf2 {[%emt 0:00:07]} 38. Qc7+ {[%emt 0:00:19]} Kf8 {[%emt 0:00:01]} 0-1

[Event "Chess Super League 2021"]
[Site "Online"]
[Date "2021.10.15"]
[Round "5.1"]
[White "Priyanka, K."]
[Black "Arpita, Mukherjee"]
[Result "1-0"]
[WhiteElo "2218"]
[BlackElo "2229"]
[Annotator "NA"]
[PlyCount "141"]
[EventDate "2021.10.11"]
[EventType "team-tourn"]
[EventCountry "NET"]
[SourceTitle "playchess.com"]
[Source "ChessBase"]
[SourceQuality "1"]
[TimeControl "900+10"]

1. e4 {[%emt 0:00:11]} c5 {[%emt 0:00:15]} 2. Nf3 {[%emt 0:00:02]} d6 {[%emt 0:00:02]} 3. d4 {[%emt 0:00:00]} cxd4 {[%emt 0:00:02]} 4. Nxd4 {[%emt 0:00:01]} Nf6 {[%emt 0:00:03]} 5. Nc3 {[%emt 0:00:01]} Nc6 {[%emt 0:00:04]} 6. g3 {[%emt 0:01:04]} e5 {[%emt 0:00:18]} 7. Nde2 {[%emt 0:00:36]} Be7 {[%emt 0:00:53]} 8. Bg2 {[%emt 0:00:33]} O-O {[%emt 0:00:36]} 9. O-O {[%emt 0:00:07]} Bd7 {[%emt 0:00:26]} 10. h3 {[%emt 0:00:22]} a6 {[%emt 0:01:25]} 11. a4 $11 {[%emt 0:00:23]} Nb4 {[%emt 0:00:49]} 12. f4 {[%emt 0:04:39]} Bc6 {[%emt 0:01:19]} 13. Nd5 {[%emt 0:03:19]} Bxd5 {[%emt 0:05:46]} 14. exd5 {[%emt 0:00:00]} a5 {[%emt 0:00:18]} 15. c3 {[%emt 0:01:09]} Na6 {[%emt 0:00:07]} 16. Be3 {[%emt 0:00:09]} exf4 {[%emt 0:00:51]} 17. Nxf4 {[%emt 0:00:05]} Nd7 {[%emt 0:00:11]} 18. Nd3 {[%emt 0:00:44]} Bf6 {[%emt 0:00:11]} 19. Ra3 {[%emt 0:01:03]} Ne5 {[%emt 0:00:46]} 20. Nxe5 {[%emt 0:00:22]} Bxe5 {[%emt 0:00:01]} 21. Qg4 {[%emt 0:00:13]} b6 {[%emt 0:00:55]} 22. b4 {[%emt 0:01:27]} Rc8 {[%emt 0:00:26]} 23. Bd2 {[%emt 0:00:16]} Qc7 {[%emt 0:00:20]} 24. Be4 {[%emt 0:00:43]} Qc4 {[%emt 0:01:51]} 25. Bf5 {[%emt 0:01:23]} Qxg4 {[%emt 0:00:17]} 26. Bxg4 {[%emt 0:00:02]} Rc7 {[%emt 0:00:11]} 27. Be2 {[%emt 0:00:11]} Nb8 {[%emt 0:00:05]} 28. bxa5 {[%emt 0:00:12]} bxa5 {[%emt 0:00:04]} 29. c4 {[%emt 0:00:03]} Bd4+ {[%emt 0:00:35]} 30. Kg2 {[%emt 0:00:04]} Ra7 {[%emt 0:00:31]} 31. Rb1 {[%emt 0:00:25]} Nd7 {[%emt 0:00:10]} 32. Rb5 {[%emt 0:00:06]} Rfa8 {[%emt 0:00:18]} 33. Rab3 {[%emt 0:00:09]} g6 {[%emt 0:00:13]} 34. Bd1 {[%emt 0:00:13]} Kg7 {[%emt 0:00:06]} 35. Rb7 {[%emt 0:00:09]} Ne5 {[%emt 0:00:20]} 36. Rxa7 {[%emt 0:00:16]} Rxa7 {[%emt 0:00:02]} 37. Be2 {[%emt 0:00:01]} Nd7 {[%emt 0:00:07]} 38. Rb5 {[%emt 0:00:04]} Nc5 {[%emt 0:00:04]} 39. Bd1 {[%emt 0:00:08]} Nb7 {[%emt 0:00:06]} 40. Kf3 {[%emt 0:00:06]} f5 {[%emt 0:00:03]} 41. g4 {[%emt 0:00:22]} Kf6 {[%emt 0:00:05]} 42. Bc2 {[%emt 0:00:06]} Ke5 {[%emt 0:00:34]} 43. Bf4+ {[%emt 0:00:20]} Kf6 {[%emt 0:00:07]} 44. gxf5 {[%emt 0:00:10]} gxf5 {[%emt 0:00:02]} 45. Bd2 {[%emt 0:00:12]} Ke5 {[%emt 0:00:08]} 46. Be1 {[%emt 0:00:03]} Kf6 {[%emt 0:00:10]} 47. Kf4 {[%emt 0:00:08]} Be5+ {[%emt 0:00:03]} 48. Ke3 {[%emt 0:00:02]} Nc5 {[%emt 0:00:33]} 49. Rxa5 {[%emt 0:00:14]} Rg7 {[%emt 0:00:05]} 50. Bh4+ {[%emt 0:00:05]} Kg6 {[%emt 0:00:03]} 51. Ra8 {[%emt 0:00:27]} Kh5 {[%emt 0:00:05]} 52. Bf2 {[%emt 0:00:08]} f4+ {[%emt 0:00:27]} 53. Kf3 {[%emt 0:00:04]} Nd7 {[%emt 0:00:13]} 54. Ra7 {[%emt 0:00:15]} Bc3 {[%emt 0:00:16]} 55. Bf5 {[%emt 0:00:10]} Ne5+ {[%emt 0:00:02]} 56. Kxf4 {[%emt 0:00:09]} Bd2+ {[%emt 0:00:11]} 57. Ke4 {[%emt 0:00:08]} Rxa7 {[%emt 0:00:03]} 58. Bxa7 {[%emt 0:00:02]} Ba5 {[%emt 0:00:13]} 59. Kd4 {[%emt 0:00:21]} Nf3+ {[%emt 0:00:04]} 60. Ke3 {[%emt 0:00:04]} Ne5 {[%emt 0:00:03]} 61. c5 {[%emt 0:00:07]} dxc5 {[%emt 0:00:26]} 62. Bxc5 {[%emt 0:00:00]} h6 {[%emt 0:00:10]} 63. Ke4 {[%emt 0:00:08]} Nf7 {[%emt 0:00:08]} 64. d6 {[%emt 0:00:11]} Kg5 {[%emt 0:00:07]} 65. d7 {[%emt 0:00:19]} Kf6 {[%emt 0:00:03]} 66. Bg4 {[%emt 0:00:18]} Nd8 {[%emt 0:00:07]} 67. Kd5 {[%emt 0:00:06]} Bc7 {[%emt 0:00:26]} 68. Bb4 {[%emt 0:00:12]} Bb8 {[%emt 0:00:18]} 69. a5 {[%emt 0:00:05]} Ba7 {[%emt 0:00:07]} 70. a6 {[%emt 0:00:03]} Kf7 {[%emt 0:00:04]} 71. Bc5 {[%emt 0:00:22]} 1-0

[Event "Chess Super League 2021"]
[Site "Online"]
[Date "2021.10.15"]
[Round "5.2"]
[White "Vidit, Santosh Gujrathi"]
[Black "Radjabov, Teimour"]
[Result "1/2-1/2"]
[WhiteElo "2727"]
[BlackElo "2763"]
[Annotator "TA"]
[PlyCount "135"]
[EventDate "2021.10.11"]
[EventType "team-tourn"]
[EventCountry "NET"]
[SourceTitle "playchess.com"]
[Source "ChessBase"]
[SourceQuality "1"]

{[%evp 19,135,16,22,14,72,76,83,82,68,58,87,77,108,98,100,106,91,80,125,122,121,121,121,113,128,126,116,74,76,65,54,65,79,27,35,52,49,44,47,29,35,30,56,70,42,59,94,41,38,25,40,51,129,126,116,111,100,-120,-121,-118,-56,-420,-418,-578,-495,-525,-120,-512,-169,-164,-168,-373,-96,-99,-97,-111,-47,-47,-48,-52,-45,-53,-22,-22,-22,-22,-22,-22,-22,-22,-22,-30,-21,-22,-22,-22,-22,-30,-22,-30,-22,-22,-8,-8,-8,-8,-8,-8,0,0,0,0,0,0,0,0,0,0]} 1. d4 Nf6 2. c4 g6 3. Nc3 Bg7 4. e4 d6 5. Nf3 O-O 6. Be2 e5 7. O-O Na6 8. Re1 c6 9. Bf1 exd4 10. Nxd4 Ng4 {Hoping for ...Qh4!} 11. h3 {E94: King's Indian: Classical: 6 Be2 e5 7 0-0: Various Black 7th moves.} Ne5 (11... Qf6 $11 12. hxg4 Qxd4) 12. Be3 $16 {[#]} Re8 $146 ({Predecessor:} 12... Nc5 13. Qd2 a5 14. Rad1 Qb6 15. Nc2 Qxb2 16. Bxc5 dxc5 17. Na4 Qxa2 18. Nb6 Be6 {0-1 (37) Llopis de Aysa,M (2138)-Ahmadinia,E (2400) Berlin 2017}) 13. f4 {White is better.} Nd7 14. Bf2 Ndc5 15. Qd2 Qa5 16. Rad1 Na4 17. Nxa4 Qxa4 18. b3 Qa3 19. Bd3 Qb4 20. Qc1 Qa5 21. a3 Nc5 22. Bc2 $1 Qc7 23. b4 Nd7 24. Qd2 a5 25. b5 Nb6 26. Bd3 (26. Bb3 $16) 26... Bd7 27. Bf1 Na4 28. bxc6 bxc6 29. Qc2 Nc5 30. Nf3 Bf8 31. f5 Rab8 32. Bd4 d5 33. fxg6 (33. exd5 Bxf5 34. Qc3 Ne4 $17) ({Better is} 33. cxd5 $16 cxd5 34. fxg6 (34. exd5 Ba4 $17) 34... hxg6 35. Rc1 (35. exd5 Ba4 $17) 35... dxe4 36. Rxe4 Rxe4 37. Qxe4 {[%mdl 64] Pin} Qh2+ 38. Kxh2 Nxe4 39. Be5) 33... hxg6 $14 {[%cal Rd5e4]} 34. exd5 cxd5 {White must now prevent ...Ba4.} 35. Qf2 (35. cxd5 Ba4 $17) 35... Nb3 (35... Ne6 $14 36. Be5 (36. cxd5 Nxd4 37. Nxd4 Rxe1 $17) 36... Qb6) 36. Ng5 $1 $16 {[%csl Gg5][%cal Rf2f7]} (36. cxd5 Nxd4 37. Nxd4 Bxa3 $17) 36... Bg4 37. Rxe8 (37. hxg4 Nxd4 38. cxd5 (38. Qxd4 $2 Bc5 $19) (38. Rxd4 Rxe1 39. Qxe1 Bc5 $17) 38... Ne2+ 39. Bxe2 (39. Rxe2 Bc5 $17) 39... Bc5 $17) 37... Rxe8 {[#]} 38. hxg4 (38. Qh4 $1 $16 {[%csl Gd4][%cal Rh4h8] keeps the pressure on.} Bh5 39. Bf2 $1) 38... Nxd4 $17 39. Kh1 (39. Qxd4 $2 Bc5 $19) (39. cxd5 $2 Ne2+ $1 {[%mdl 512]} 40. Bxe2 Bc5 $19) 39... Bh6 40. Qh4 $2 {[%mdl 8192] [#]} (40. Rxd4 $15 Bxg5 41. Rxd5) 40... Kg7 $1 $19 41. Nh3 ({Of course not} 41. Rxd4 Rh8) (41. Qh2 Qd7) 41... Be3 42. cxd5 Qd6 $2 (42... Rh8 $19 {has better winning chances.} 43. d6 Qxd6) 43. Qe1 {[%mdl 8192] [#]} (43. Rd3 $17) 43... Qxd5 $2 (43... Bg1 $1 {[%mdl 512] ( -> ...Qh2#)} 44. Nxg1 Rxe1 45. Rxe1 Qxd5) 44. Qc3 Qe5 $1 45. Re1 $2 {[#]} (45. g5) 45... a4 $2 (45... Qg3 $1 $19 46. a4 Re4) 46. Bc4 $17 Re7 47. g5 {[#]} Nf5 (47... Kh7 $1 $17 {...Qg3 is the strong threat.} 48. Bd3 Kg7) 48. Qxe5+ $15 Rxe5 49. g4 Nd6 50. Bd3 Bd4 51. Rxe5 Bxe5 $11 {[%mdl 4096] Endgame KBN-KBN} 52. Bc2 Bb2 53. Bxa4 Bxa3 54. Kg2 Bc1 55. Kf3 Nc4 56. Bb5 Ne5+ 57. Kg3 Kf8 58. Ba4 Ke7 59. Bb3 Kd6 60. Nf2 {The position is equal.} Kc5 61. Bxf7 Nxf7 62. Nd3+ {[%mdl 64] Double Attack} Kd4 63. Nxc1 Nxg5 64. Kf4 Ne6+ 65. Kf3 Ng5+ 66. Kf4 Ne6+ 67. Kf3 Ng5+ 68. Kf4 {Black had all chances to win.  Weighted Error Value: White=0.37/Black=0.42} 1/2-1/2

[Event "Chess Super League 2021"]
[Site "Online"]
[Date "2021.10.15"]
[Round "5.2"]
[White "Karthikeyan, Murali"]
[Black "Wang, Hao"]
[Result "0-1"]
[WhiteElo "2630"]
[BlackElo "2744"]
[Annotator "TA"]
[PlyCount "86"]
[EventDate "2021.10.11"]
[EventType "team-tourn"]
[EventCountry "NET"]
[SourceTitle "playchess.com"]
[Source "ChessBase"]
[SourceQuality "1"]

{[%evp 12,86,10,0,30,8,7,15,11,0,0,-3,-2,-7,4,-13,-10,-11,-3,-10,37,20,16,33,27,0,0,0,0,-85,0,0,0,0,3,-87,-89,-60,-81,-119,-23,-200,-194,-185,-167,-122,-156,-124,-110,-125,-119,-131,-136,-277,-289,-304,-189,-131,0,-253,-186,-162,-182,-161,-59,-604,-558,-539,-516,-487,-228,-178,-192,-29996,-29988,-29997,-29998]} 1. e4 c5 2. Nf3 d6 3. d4 cxd4 4. Nxd4 Nf6 5. Nc3 a6 6. h3 e5 7. Nde2 h5 {B90: Sicilian Najdorf: Unusual White 6th moves, 6 Be3 Ng4 and 6 Be3 e5.} 8. g3 Be6 9. Bg2 b5 $1 {[%cal Bb7b5,Bb5b4][%mdl 32] The position is equal. 9...b5 scores better than 9...Nbd7.} 10. a4 b4 {[%cal Rb4c3]} 11. Nd5 Nxd5 12. exd5 Bf5 13. a5 Nd7 14. Bd2 Rb8 15. O-O {[#]} Qc7 $146 ({Predecessor:} 15... Nf6 16. c3 b3 17. Ra3 Bc2 18. Qe1 Be7 19. Nc1 O-O 20. Qe2 Qc8 21. Re1 e4 {½-½ (30) Peng,S (2315)-Chandra,A (2524) Charlotte 2020}) 16. Qe1 Be7 ({But not} 16... Qxc2 17. Nd4 $16) 17. Bxb4 O-O ({Avoid the trap} 17... Qxc2 $2 18. Nd4 $1 $18 {[%mdl 512]}) 18. c3 Nc5 19. Nc1 h4 20. f4 (20. g4 $11 Bh7 21. Bxc5 Qxc5 22. b4) 20... exf4 ({Black should try} 20... Bd3 $17 21. Rf2 (21. Nxd3 Nxd3 22. Qd2 Nxb4 $15) 21... hxg3) 21. Rxf4 $11 Bg6 22. gxh4 Rfe8 23. Qd1 (23. Qg3 $11) 23... Bf6 $17 24. h5 Bh7 25. Rf3 {[#]} Qe7 (25... Re5 $1 $17 26. Ne2 Be4 27. Rxf6 Rxd5) 26. Nd3 $2 Nxd3 $19 27. Rxd3 Bxd3 28. Qxd3 Qa7+ 29. Kh1 Re3 30. Qf5 {[#]} Qe7 31. Rf1 Re1 32. Rxe1 (32. h6 $17) 32... Qxe1+ 33. Qf1 Qg3 {And now ...Re8 would win.} 34. Qf3 Qe1+ (34... Qe5 $17 35. h6 gxh6) 35. Qf1 Qe3 36. Qxa6 Be5 {White must now prevent ...Qg3.} 37. Qf1 Qg3 ({Black should play} 37... Qd2 $19 38. Ba3 Re8) 38. Kg1 $2 {[%mdl 8192]} (38. Qg1 $15) 38... Re8 39. Qf3 {Qxg3 is the strong threat.} Qh2+ 40. Kf2 Bf6 $40 {[%mdl 128] Black goes for the king.} (40... Bf4 $142 41. a6 Re3) 41. Qg4 Qe5 {[%mdl 1024] ( -> ...Qe3+). Black has strong compensation.} 42. Qd1 $2 (42. Be4 $19) 42... Qe3+ 43. Kf1 Bh4 {[%csl Gh4][%cal Re3f2] Weighted Error Value: White=0.53/Black=0.28} 0-1

[Event "Chess Super League 2021"]
[Site "Online"]
[Date "2021.10.15"]
[Round "5.2"]
[White "Sadhwani, Raunak"]
[Black "Raja Harshit"]
[Result "1-0"]
[WhiteElo "2609"]
[BlackElo "2494"]
[Annotator "TA"]
[PlyCount "87"]
[EventDate "2021.10.11"]
[EventType "team-tourn"]
[EventCountry "NET"]
[SourceTitle "playchess.com"]
[Source "ChessBase"]
[SourceQuality "1"]

{[%evp 9,87,-6,6,-9,8,-4,8,0,7,0,0,0,0,0,0,0,0,0,0,-11,0,0,-12,-20,0,0,0,0,0,0,48,0,89,2,78,0,38,46,52,48,69,45,55,45,68,39,38,56,39,54,282,318,252,138,125,111,135,125,125,106,112,112,686,73,618,0,667,284,483,490,533,528,29994,29995,29995,29996,29996,29997,29997,29998]} 1. c4 e5 2. d3 Nf6 3. Nf3 Nc6 4. a3 g6 5. b4 Bg7 6. Bb2 {A20: English Opening: 1...e5.} d6 7. Nbd2 O-O 8. g3 {[#] The position is equal.} Re8 $146 ({Predecessor:} 8... Ng4 9. h3 Nh6 10. Rb1 f5 11. Bg2 a6 12. O-O f4 13. g4 Nf7 14. e3 fxe3 15. fxe3 {1-0 (32) Zhou,J (2668)-Rublevsky,S (2688) Ningbo 2010}) 9. e4 a5 10. b5 Nb8 {[%cal Bc6b8,Bb8d7,Bd7c5][%mdl 32]} 11. Bg2 Nbd7 12. O-O a4 13. Qc2 Nc5 14. h3 c6 15. bxc6 bxc6 16. Rab1 Bd7 17. Rfe1 Rb8 18. Bc3 Qc7 19. Rb4 Rb7 20. Reb1 Reb8 (20... Ra7 $11 {keeps the balance.}) 21. Kh2 (21. Rxb7 $16 Rxb7 22. Rxb7 Nxb7 23. Qxa4) 21... h5 {[#]} (21... Ne8 $11) 22. d4 ({Better is} 22. Rxb7 $1 $16 Rxb7 23. Bb4) 22... exd4 23. Bxd4 Ne6 {Strongly threatening ...Rxb4.} 24. Bc3 (24. Qxa4 $2 Rxb4 25. axb4 c5 $19) 24... Rxb4 25. axb4 Ra8 26. e5 dxe5 27. Nxe5 h4 28. b5 hxg3+ 29. fxg3 {Hoping for Nxg6!} Nh5 $2 {[#]} (29... a3 $14) 30. b6 $1 $18 Qd8 31. b7 (31. Ne4 $18 {Black must now prevent Rd1.} Be8 32. c5 (32. b7 Rb8 $16)) 31... Rb8 $16 32. Ne4 ({Wrong is} 32. Nxc6 $2 Bxc6 33. Bxg7 (33. Bxc6 $2 Qd6 $19) 33... Qc7 $19) 32... Qc7 33. Nxd7 Qxd7 34. Bxg7 Kxg7 35. Qc3+ Kh6 $2 {[%mdl 8192]} (35... Kh7 $16) 36. Qe3+ $2 (36. Qe5 $18 {and the rest is easy.} Qc7 37. Qxc7 Nxc7 38. Nc5) 36... Kg7 $2 {[%mdl 8192]} (36... Kh7 $16) 37. Qc3+ Kh6 $1 38. c5 (38. Qe5 $142 Qc7 39. Qxc7 Nxc7 40. Nc5) 38... a3 $2 (38... Qd4 {was necessary.} 39. Qxd4 Nxd4) 39. Nd6 $18 a2 40. Ra1 Rxb7 41. Qh8+ {White mates.} Kg5 42. h4+ Kg4 43. Bh3+ Kf3 44. Qc3+ {Weighted Error Value: White=0.56/Black=0.79} 1-0

[Event "Chess Super League 2021"]
[Site "Online"]
[Date "2021.10.15"]
[Round "5.2"]
[White "Kosteniuk, Alexandra"]
[Black "Muzychuk, Anna"]
[Result "0-1"]
[WhiteElo "2518"]
[BlackElo "2533"]
[Annotator "ChessBase"]
[PlyCount "54"]
[EventDate "2021.10.11"]
[EventType "team-tourn"]
[EventCountry "NET"]
[SourceTitle "playchess.com"]
[Source "ChessBase"]
[SourceQuality "1"]
[TimeControl "900+10"]

1. e4 {[%emt 0:00:11]} c5 {[%emt 0:00:13]} 2. Nf3 {[%emt 0:00:05]} e6 {[%emt 0:00:01]} 3. d4 {[%emt 0:00:03]} cxd4 {[%emt 0:00:02]} 4. Nxd4 {[%emt 0:00:00]} Nf6 {[%emt 0:00:01]} 5. Nc3 {[%emt 0:00:04]} Nc6 {[%emt 0:00:02]} 6. Bf4 {[%emt 0:00:05]} Bb4 {[%emt 0:02:53]} 7. Ndb5 {[%emt 0:00:09]} Nxe4 {[%emt 0:00:41]} 8. Qf3 {[%emt 0:00:08]} d5 {[%emt 0:00:07]} 9. Nc7+ {[%emt 0:00:05]} Kf8 {[%emt 0:00:01]} 10. Nxa8 {[%emt 0:00:11]} e5 {[%emt 0:00:34]} 11. Bc1 {[%emt 0:12:27]} Nd4 {[%emt 0:05:16]} 12. Qd1 {[%emt 0:00:02]} Qh4 {[%emt 0:01:09]} 13. Be3 {[%emt 0:00:22]} Nxc3 {[%emt 0:01:58]} 14. Qd2 {[%emt 0:00:02]} Nxa2 {[%emt 0:03:42]} 15. c3 {[%emt 0:00:07]} Nb3 {[%emt 0:00:01]} 16. Qc2 {[%emt 0:00:52]} Nxa1 {[%emt 0:00:10]} 17. Qb1 {[%emt 0:00:27]} Nxc3 {[%emt 0:00:12]} 18. bxc3 {[%emt 0:00:01]} Bxc3+ {[%emt 0:00:01]} 19. Ke2 {[%emt 0:00:26]} Qc4+ {[%emt 0:00:07]} 20. Qd3 {[%emt 0:00:06]} Qa2+ {[%emt 0:00:12]} 21. Kd1 {[%emt 0:00:01]} Qb3+ {[%emt 0:00:27]} 22. Ke2 {[%emt 0:00:01]} Qb2+ {[%emt 0:00:20]} 23. Kd1 {[%emt 0:00:06]} Bd7 {[%emt 0:00:16]} 24. Bd2 {[%emt 0:00:06]} Ba4+ {[%emt 0:00:05]} 25. Ke1 {[%emt 0:00:01]} Qc1+ {[%emt 0:00:21]} 26. Ke2 {[%emt 0:00:02]} Qd1+ {[%emt 0:00:09]} 27. Ke3 {[%emt 0:00:00]} Bd4+ {[%emt 0:00:14]} 0-1